000 00484pab a2200157 454500
008 180718b1998 xxu||||| |||| 00| 0 eng d
100 _aBanerjee, Debdas
245 _aIndian industrial growth and corporate sector behaviour in West Bengal, 1947-97
260 _c1998
300 _ap.3067-074
362 _a21 Nov & 28 Dec
650 _aIndustrial development - India - West Bengal
650 _aIndustrial development
773 _aEconomic and Political Weekly
909 _a39599
999 _c39599
_d39599